LEADER 01247nam a2200289 a 4500 001 000000122508 003 CaOOAMICUS 005 20100716115113.0 008 100716t2010 vc u000 u ita r 020 $a978-88-465-0701-3 040 $aPUL$bita$dReb 082 04$a340 100 1 $aOkenwa, Udugbor Marcellus.$0(OLS)http://pul/name/51788 245 13$aIl diritto musulmano /$cMarcellus Okenwa Udugbor. 260 $aCittą del Vaticano :$bLateran University Press,$c©2010. 300 $axi, 323 p. ;$c24 cm. 490 1 $aLineamenta iuris.$aI Manuali ;$v4 504 $aInclude riferimenti bibliografici ed indice. 650 4$aDiritto islamico.$0(OLS)http://pul/subject/490 830 0$aLineamenta iuris.$pI Manuali ;$v4.$0(OLS)http://pul/title/141964 850 $aPUL 852 $aPUL$W1$xSL Diritto e Scienze Sociali 3$y79$m340 COLL 2.4$j140705$qDDC 21$q $B139793$CPULBib$Z2$F139793 $H114596 $81 941 1 $a9 996 $6020$a978-88-465-0701-3$9(OLS)http://pul/number/144905 996 $6082$a340$9(OLS)http://pul/classification/419 996 $6245$aIl diritto musulmano$9(OLS)http://pul/title/60150 996 $6260$aCittą del Vaticano :$bLateran University Press$9(OLS)http://pul/publisher/74585 LEADER 01395nam a2200313 a 4500 001 000000122145 003 CaOOAMICUS 005 20100608100510.0 008 100608t2006 it u000 u ita r 020 $a88-215-5565-8 040 $aPUL$bita$dReb 082 04$a240 110 1 $aAssociazione Teologica Italiana per lo Studio della Morale$bAtti del Congresso$n(XXI :$d2004 :$cOristano).$0(OLS)http://pul/name/76588 245 13$aLa casa della vita /$ca cura di Romano Altobelli e Salvatore Privitera. 260 $aCinisello Balsamo :$bSan Paolo,$c©2006. 300 $a320 p. ;$c22 cm 490 1 $aTeologia morale$aStudi e testi ;$v12 504 $aBibliografia in nota. 650 4$aBioetica$vCongressi.$0(OLS)http://pul/subject/8227 700 1 $aAltobelli, Romano.$0(OLS)http://pul/name/52755 700 1 $aPrivitera, Salvatore.$0(OLS)http://pul/name/5949 830 0$aTeologia morale$pStudi e testi ;$v12.$0(OLS)http://pul/title/72630 850 $aPUL 852 $aPUL$W1$xSL Religione 3$y85$m240 ALTRO 1$j140178$qDDC 21$B139362$CPULBib$Z2$F139362 $H114043 $82 941 1 $a9 996 $6020$a88-215-5565-8$9(OLS)http://pul/number/144487 996 $6082$a240$9(OLS)http://pul/classification/586 996 $6245$aLa casa della vita$9(OLS)http://pul/title/153698 996 $6260$aCinisello Balsamo :$bSan Paolo$9(OLS)http://pul/publisher/54577